All Men's National Teams in FC 25 - Statistics

General Stats
  • This quiz has been taken 20 times
  • The average score is 24 of 30
Answer Stats
Answer % Correct
Netherlands
100%
Argentina
94%
Germany
94%
Portugal
94%
Spain
94%
England
88%
France
88%
Italy
88%
Norway
88%
Sweden
88%
Canada
81%
Finland
81%
Mexico
81%
Morocco
81%
Scotland
81%
USA
81%
Denmark
75%
Ghana
75%
New Zealand
75%
Northern Ireland
75%
Poland
75%
Ukraine
75%
Wales
75%
Croatia
69%
Hungary
69%
Iceland
69%
Republic of Ireland
69%
Romania
63%
Czechia
56%
Qatar
44%
No matching quizzes found
Score Distribution
Percent of People with Each Score
Percentile by Number Answered
Your Score History
You have not taken this quiz